000 00809nam a2200205Ia 4500
005 20240530105243.0
008 140319s1992 xx 000 0 ara d
040 _aGCL /
_cGCL
082 0 4 _a524.15 /
_bا ج
100 1 _aابراهيم على عبيدو
245 1 0 _aالجيولوجيا الهندسية : والخرائط الجيولوجية وطرق المسح الجيولوجى /
_cابراهيم على عبيدو
260 _aبيروت :
_bدار الراتب الجامعية،
_c1992
300 _a312 ص؛
_c24 سم
650 0 4 _aالهندسة المدنية
650 0 4 _aالخرائط الجيولوجية
650 0 4 _aالمساحة الجيولوجية
650 0 4 _aالجيولوجيا الهندسية
942 _2ddc
_cBK
999 _c54348
_d54348